Listen! Jesus is praying : (Record no. 431)

MARC details
000 -LEADER
fixed length control field 00753cam a2200241 a 4500
001 - CONTROL NUMBER
control field 4698414
003 - CONTROL NUMBER IDENTIFIER
control field GBCCL
005 - DATE AND TIME OF LATEST TRANSACTION
control field 20241126110338.0
008 - FIXED-LENGTH DATA ELEMENTS--GENERAL INFORMATION
fixed length control field 820428s1982 ilu 000 0 eng
010 ## -
-- 82060252
020 ## - INTERNATIONAL STANDARD BOOK NUMBER
International Standard Book Number 0842321675 (pbk.) :
Terms of availability $4.95
040 ## - CATALOGING SOURCE
Original cataloging agency DLC
Transcribing agency DLC
Modifying agency DLC
050 00 -
-- BS2615.3
-- .W54 1982
082 00 - DEWEY DECIMAL CLASSIFICATION NUMBER
Classification number 226.5077
Edition information 19
Item number WIE
100 1# - MAIN ENTRY--PERSONAL NAME
Personal name Wiersbe, Warren W.
9 (RLIN) 623
245 10 - TITLE STATEMENT
Title Listen! Jesus is praying :
Remainder of title an expository study of John 17 /
Statement of responsibility, etc. by Warren W. Wiersbe.
260 ## - PUBLICATION, DISTRIBUTION, ETC.
Place of publication, distribution, etc. Wheaton, Ill. :
Name of publisher, distributor, etc. Tyndale House Publishers,
Date of publication, distribution, etc. c1982.
300 ## - PHYSICAL DESCRIPTION
Extent 144 p. ;
Dimensions 21 cm.
490 0# - SERIES STATEMENT
Series statement Living studies
630 00 - SUBJECT ADDED ENTRY--UNIFORM TITLE
Uniform title Bible.
Name of part/section of a work John, XVII
General subdivision Commentaries.
9 (RLIN) 624
906 ## - LOCAL DATA ELEMENT F, LDF (RLIN)
a 7
b cbc
c orignew
d 3
e opcn
f 19
g y-gencatlg
942 ## - ADDED ENTRY ELEMENTS (KOHA)
Source of classification or shelving scheme Dewey Decimal Classification
Koha item type Books
Koha issues (borrowed), all copies 1
Holdings
Withdrawn status Lost status Source of classification or shelving scheme Damaged status Not for loan Home library Current Library Shelving location Date acquired Total checkouts Total renewals Full call number Barcode Date last seen Date last checked out Copy number Price effective from Koha item type
    Dewey Decimal Classification     GRACE BIBLE COLLEGE GRACE BIBLE COLLEGE Biblical Studies 2016-10-26 2 1 226.5077 WIE 001846 2025-05-01 2025-02-10 c.1 2016-10-26 Books
© Grace Bible College Library 2025